|
|
|
|
| LEADER |
00000naa2a2200000 4500 |
| 001 |
387688 |
| 005 |
20231101063636.0 |
| 035 |
|
|
|a (RuTPU)RU\TPU\prd\17669
|
| 090 |
|
|
|a 387688
|
| 100 |
|
|
|a 20030923a2003 k y0rusy50 ca
|
| 101 |
0 |
|
|a rus
|
| 102 |
|
|
|a RU
|
| 200 |
1 |
|
|a Итерационная модель представления линейных пространственных данных
|f И. Г. Журкин, С. В. Наумов
|
| 225 |
1 |
|
|a Геоинформационные системы
|
| 320 |
|
|
|a Библиогр.: 5 назв.
|
| 461 |
|
1 |
|0 (RuTPU)RU\TPU\prd\1520
|t Информационные технологии
|o теоретический и прикладной научно-технический журнал
|d 2000-
|
| 463 |
|
1 |
|0 (RuTPU)RU\TPU\prd\16195
|t № 6
|v С. 11-16
|d 2003
|
| 610 |
1 |
|
|a итерационная модель
|
| 610 |
1 |
|
|a векторные модели
|
| 610 |
1 |
|
|a пространственные данные
|
| 610 |
1 |
|
|a описание
|
| 610 |
1 |
|
|a информатизация
|
| 610 |
1 |
|
|a информационные ресурсы
|
| 610 |
1 |
|
|a интеграция
|
| 610 |
1 |
|
|a геоинформационные технологии
|
| 675 |
|
|
|a 004.424.22
|v 3
|
| 675 |
|
|
|a 004.652
|v 3
|
| 700 |
|
1 |
|a Журкин
|b И. Г.
|
| 701 |
|
1 |
|a Наумов
|b С. В.
|
| 801 |
|
1 |
|a RU
|b 63413507
|c 20030923
|g PSBO
|
| 801 |
|
2 |
|a RU
|b 63413507
|c 20130507
|g PSBO
|
| 942 |
|
|
|c BK
|